Central Library OPAC University of Rajshahi

নির্বাসিত সাহিত্য / (Record no. 54088)

MARC details
000 -LEADER
fixed length control field 01031nam a2200253 a 4500
001 - CONTROL NUMBER
control field 54088
003 - CONTROL NUMBER IDENTIFIER
rucl marc code BD-RjUL
005 - DATE AND TIME OF LATEST TRANSACTION
control field 20211209080054.0
008 - FIXED-LENGTH DATA ELEMENTS--GENERAL INFORMATION
fixed length control field 161101s1992 ii ||||| |||| 00| 0 ben d
020 ## - INTERNATIONAL STANDARD BOOK NUMBER
Terms of availability : IRs 50.00
035 ## - SYSTEM CONTROL NUMBER
System control number (BD-RjUL)54210
040 ## - CATALOGING SOURCE
Original cataloging agency BD-RjUL
Language of cataloging ben
Transcribing agency BD-RjUL
041 ## - LANGUAGE CODE
Language code of text/sound track or separate title ben
082 ## - DEWEY DECIMAL CLASSIFICATION NUMBER
Edition number 23
Classification number 891.4409
Author mark and year BHN 1992
100 ## - MAIN ENTRY--PERSONAL NAME
Personal name ভট্রাচার্য, হিরণ্ময়
9 (RLIN) 161492
245 10 - TITLE STATEMENT
Title নির্বাসিত সাহিত্য /
Statement of responsibility, etc. হিরণ্ময় ভট্রাচার্য
250 ## - EDITION STATEMENT
Edition statement ২য় সং .
260 ## - PUBLICATION, DISTRIBUTION, ETC. (IMPRINT)
Place of publication, distribution, etc. কলকাতা :
Name of publisher, distributor, etc. বিপিন বিহারী গাঙ্গুলী স্ট্রীট,
Date of publication, distribution, etc. ১৯৯২
300 ## - PHYSICAL DESCRIPTION
Pagination খণ্ড :
Illustrations চিত্র ;
Size ১৯ সেমি.
505 ## - FORMATTED CONTENTS NOTE
Formatted contents note খণ্ড ১ --
650 ## - SUBJECT ADDED ENTRY--TOPICAL TERM
Topical term or geographic name as entry element বাংলা সাহিত্য
General subdivision ইতিহাস ও সমালোচনা
9 (RLIN) 161493
Topical term or geographic name as entry element Bengali Literature
General subdivision History & Criticism
9 (RLIN) 161494
942 ## - ADDED ENTRY ELEMENTS (KOHA)
Source of classification or shelving scheme Dewey Decimal Classification
Koha item type Books
Holdings
Lost status Source of classification or shelving scheme Damaged status Not for loan Collection code Permanent Location Current Location Shelving location Date acquired Source of acquisition Cost, normal purchase price Total Checkouts Full call number Date last seen Copy number Koha item type
  Dewey Decimal Classification     Non-fiction Central Library, University of Rajshahi Central Library, University of Rajshahi   12/02/1997 ankur 50.00   B 891.4409 BHN V-1 1992 01/11/2016 C-2 Books